Fleuves et rivières de France - Statistiques

Statistiques générales
  • Ce quiz a été pris 1 006 fois
  • Le résultat moyen est 13 sur 20
Statistiques - réponses
Longueur en France (km) Cours d'eau % Correct
545 Rhône
98%
776 Seine
98%
317 Loir
96%
523 Garonne
93%
1012 Loire
91%
473 Saône
73%
514 Marne
69%
486 Meuse
69%
367 Cher
66%
314 Moselle
66%
483 Dordogne
64%
485 Lot
60%
380 Tarn
60%
420 Allier
53%
341 Oise
53%
381 Charente
48%
453 Doubs
46%
372 Vienne
45%
355 Aisne
40%
323 Durance
40%
Aucun quiz correspondant
Distribution des résultats
% des personnes avec chaque résultat
Percentile par nombre de réponses
Votre historique - résultats
Vous n’avez pas pris ce quiz